Statistics for U.S. General Knowledge #32

Click here to take the quiz!

General Stats

  • This quiz has been taken 20,253 times
    (10,309 since last reset)
  • The average score is 12 of 20

Answer Stats

QuestionAnswer% Correct
Who is the teddy bear named after?Theodore Roosevelt
95%
Most U.S. Presidents had one. A few had more than one. Only James Buchanan
never had any. What didn't he have?
Spouse
80%
Whose dentures were made of ivory and human teeth, not of wood
as is sometimes believed?
George Washington
75%
What does F stand for in the equation F = 1.8C + 32 ?Fahrenheit
72%
What California location is known as "The OC"?Orange County
72%
What beverage is Mr. Pibb an imitation of?Dr Pepper
70%
What U.S. territory is located about 800 miles from Fiji?American {Samoa}
69%
What television character said "How YOU doin"?Joey Tribbiani
67%
If some asks for your "John Hancock", what are they asking for?Your signature
67%
What TV show did "The Fonz" appear in?Happy Days
63%
In the spy world, what is "the company"?The CIA
59%
What is the best-selling brand of acetaminophen in the U.S.?Tylenol
58%
What song made 14-year old Rebecca Black an internet sensation in 2011?
Hint: "Gotta have my bowl, gotta have cereal"
Friday
56%
What major American city is named after an ancient Egyptian capital?Memphis
47%
What strategically-important part of Central America was a territory of the
United States from 1903–1979?
Panama Canal Zone
47%
What team name is used by the University of Nebraska's sports teams?Cornhuskers
45%
The phrase "it's not rocket science" means that something is not extremely difficult.
What's another phrase that means the same thing?
It's not {brain} {surgery}
45%
Who is Raggedy Ann's brother?Raggedy Andy
45%
What Civil War general is the M4 tank named after?William Tecumseh
Sherman
40%
What is the oldest state capital in the U.S., founded in 1610 by by Spanish colonists?Santa Fe
35%

Score Distribution

Percentile by Number Answered

Percent of People with Each Score

Your Score History

You have not taken this quiz since the last reset